Logo BPK

Biblioteka

Politechniki Koszalińskiej

Introduction to surface raughness and scattering / (Rekord nr 29926)

Szczegóły MARC
000 -ETYKIETA REKORDU
podpole kontrolne o stałej długości 00568nam a2200193 i 4500
001 - NUMER KONTROLNY REKORDU
pole kontrolne bg
020 ## - MIĘDZYNARODOWY ZNORMALIZOWANY NUMER KSIĄŻKI - ISBN
ISBN 1557521085
040 ## - ŹRÓDŁO KATALOGOWANIA
Instytucja, która utworzyła rekord BPK
041 ## - KOD JĘZYKA
Kod języka tekstu pol
080 ## - UNIWERSALNA KLASYFIKACJA DZIESIĘTNA - UKD
UKD 535:681.7:538.9:669
920 ## - Międzynarodowy znormalizowany numer książki – ISBN
ISBN 1-55752-108-5
008 - POLE O STAŁEJ DŁUGOŚCI - DANE KONTROLNE
podpole kontrolne o stałej długości s pl f |000 0 pol
100 1# - NAZWA OSOBOWA
Nazwa osobowa BENNETT, Jean M.
245 #0 - TYTUŁ/ODPOWIEDZIALNOŚĆ
Tytuł Introduction to surface raughness and scattering /
Pozostałe elementy strefy tytułu i oznaczenia odpowiedzialności Jean M. Bennett, Lars Mattsson.
260 ## - STREFA ADRESU WYDAWNICZEGO
Miejsce wydania Washington :
Nazwa wydawcy/dystrybutora Optical Society of America,
Data publikacji, dystrybucji/powstania dokumentu 1989.
300 ## - STREFA OPISU FIZYCZNEGO
Objętość VIII,110, [2] s. :
Inne cechy fizyczne fot., rys., wykr. ;
Rozmiary 28 cm.
700 1# - HASŁO DODATKOWE - NAZWA OSOBOWA
Nazwa osobowa MATTSSON, Lars
856 ## - LOKALIZACJA I DOSTĘP DO ELEKTRONICZNYCH DOKUMENTÓW ZDALNYCH
Link (URL) http://koha.tu.koszalin.pl/cgi-bin/koha/opac-detail.pl?biblionumber=29926
Tekst linku Katalog online BPK
942 ## - DODATKOWE ELEMENTY (KOHA)
Typ dokumentu Książka
Egzemplarze
Wycofany Status egzemplarza Uszkodzony Dostępność Lokalizacja stała Lokalizacja bieżąca Miejsce przechowywania Sygnatura Kod kreskowy Ostatnio wypożyczono Typ dokumentu
      Dostępny Biblioteka Politechniki Koszalińskiej Biblioteka Politechniki Koszalińskiej Wypożyczalnia BG 36402 01300321 11.06.2014 Książka
© 2023 Biblioteka Politechniki Koszalińskiej :: KOHA